[Event "WPL:Cardiff-The Full Ponty"]
[Site "?"]
[Date "2018.11.04"]
[Round "1.1"]
[White "Kett, Tim"]
[Black "Toczek, Grzegorz"]
[Result "1/2-1/2"]
[WhiteElo "2206"]
[BlackElo "2263"]
[PlyCount "43"]
[EventDate "2018.??.??"]

1. e4 c5 2. Nf3 Nc6 3. d4 cxd4 4. Nxd4 Nf6 5. Nc3 d6 6. Bg5 Bd7 7. Qd2 Rc8 8.
O-O-O Nxd4 9. Qxd4 Qa5 10. h4 h6 11. Bxf6 gxf6 12. Be2 Rg8 13. f4 h5 14. f5
Bh6+ 15. Kb1 Bf4 16. Qd5 Qb6 17. Bxh5 Rg7 18. Qb3 Qxb3 19. axb3 Rxg2 20. Rhg1
Rxg1 21. Rxg1 Kf8 22. Nd5 1/2-1/2

[Event "WPL:Cardiff-The Full Ponty"]
[Site "?"]
[Date "2018.11.04"]
[Round "1.2"]
[White "Bullen, Alex"]
[Black "Heaven, Pete"]
[Result "1-0"]
[WhiteElo "2073"]
[BlackElo "2067"]
[PlyCount "58"]
[EventDate "2018.??.??"]

1. d4 Nf6 2. Nf3 e6 3. Bf4 c5 4. e3 Nc6 5. c3 d5 6. Nbd2 cxd4 7. exd4 Nh5 8.
Be3 Bd6 9. Ne5 Bxe5 10. dxe5 g6 11. g4 Ng7 12. h4 Nxe5 13. Bd4 f6 14. h5 gxh5
15. gxh5 Qe7 16. h6 Nf5 17. Bxe5 fxe5 18. Bb5+ Bd7 19. Qh5+ Kd8 20. Bxd7 Kxd7
21. Nf3 e4 22. Ne5+ Kc7 23. O-O-O Raf8 24. c4 Qc5 25. Rhg1 d4 26. Rg7+ Kd6 27.
Qh2 Qxe5 28. c5+ Kd5 29. Rd7+ Nd6 1-0

[Event "WPL:Cardiff-The Full Ponty"]
[Site "?"]
[Date "2018.11.04"]
[Round "1.3"]
[White "Davis, Lee"]
[Black "Brown, Thomas"]
[Result "0-1"]
[WhiteElo "1948"]
[BlackElo "2041"]
[PlyCount "114"]
[EventDate "2018.??.??"]

1. g3 g6 2. d4 Nf6 3. Bg2 Bg7 4. Nf3 O-O 5. c4 d6 6. O-O Nc6 7. Nc3 a6 8. e4
Bg4 9. h3 Bxf3 10. Bxf3 Nd7 11. Be3 e5 12. d5 Nd4 13. Bg2 c5 14. Rb1 b5 15.
cxb5 Nxb5 16. Ne2 Qa5 17. a4 Nd4 18. Nxd4 exd4 19. Bd2 Qc7 20. b3 c4 21. bxc4
Qxc4 22. Rb4 Qc7 23. Qb1 Nc5 24. Rc1 f5 25. exf5 Rxf5 26. Bf4 Re8 27. Rb6 Be5
28. Bxe5 Rfxe5 29. Rc6 Qe7 30. Kh2 Re2 31. R1xc5 dxc5 32. d6 Qf7 33. Rc7 Qxf2
34. Qb7 Qxg2+ 35. Qxg2 Rxg2+ 36. Kxg2 Rd8 37. Rxc5 Rxd6 38. Kf2 d3 39. Ke1 d2+
40. Kd1 Rd3 41. g4 Rxh3 42. Kxd2 Rh4 43. Rc4 h5 44. Rc8+ Kg7 45. gxh5 Rxh5 46.
Rc7+ Kh6 47. Rc6 a5 48. Ra6 Rf5 49. Ke3 Kg5 50. Rb6 Re5+ 51. Kd4 Rf5 52. Ke3
Kh5 53. Ke4 Rg5 54. Rb5 Kg4 55. Ke3 Rf5 56. Ke2 Kf4 57. Kf2 Rxb5 0-1

[Event "WPL:Cardiff-The Full Ponty"]
[Site "?"]
[Date "2018.11.04"]
[Round "1.4"]
[White "Jones, Derek"]
[Black "Adams, Mark"]
[Result "1/2-1/2"]
[WhiteElo "1912"]
[BlackElo "1965"]
[PlyCount "41"]
[EventDate "2018.??.??"]

1. Nf3 c5 2. c4 Nc6 3. Nc3 g6 4. g3 Bg7 5. Bg2 Nf6 6. d4 cxd4 7. Nxd4 O-O 8.
Nc2 d6 9. O-O Bd7 10. b3 Qc8 11. Re1 Bh3 12. Bh1 h5 13. Bb2 h4 14. Nd5 Nxd5 15.
Bxg7 Kxg7 16. cxd5 Ne5 17. Ne3 hxg3 18. hxg3 Rh8 19. Qd4 f6 20. Rac1 Qd7 21.
Rc3 1/2-1/2

[Event "WPL:Cardiff-The Full Ponty"]
[Site "?"]
[Date "2018.11.04"]
[Round "1.5"]
[White "Waterfield, John W"]
[Black "Sivarajasingam, Venetia"]
[Result "1/2-1/2"]
[WhiteElo "1929"]
[BlackElo "1760"]
[PlyCount "89"]
[EventDate "2018.??.??"]

1. e4 e6 2. d4 d5 3. Nc3 dxe4 4. Nxe4 Nd7 5. Bd3 Ngf6 6. Qe2 Be7 7. Nf3 O-O 8.
c3 c5 9. O-O Nxe4 10. Qxe4 Nf6 11. Qh4 b6 12. Bg5 g6 13. Be4 Rb8 14. Rad1 c4
15. Ne5 Nd5 16. Bxe7 Qxe7 17. Qxe7 Nxe7 18. Nxc4 Ba6 19. Bd3 Bb7 20. Rfe1 Bd5
21. Ne5 Rfd8 22. Be4 Rbc8 23. Bxd5 Nxd5 24. g3 b5 25. Nd3 b4 26. cxb4 Rc4 27.
Ne5 Rc2 28. b5 Rxb2 29. Nc6 Re8 30. Rb1 Rxa2 31. Ra1 Rb2 32. Reb1 Rxb1+ 33.
Rxb1 Kf8 34. Kf1 Rc8 35. Rb3 Ke8 36. Ke2 Kd7 37. Kd3 f6 38. Ra3 Rc7 39. Rxa7
Nb4+ 40. Kc4 Nxc6 41. bxc6+ Kxc6 42. Rxc7+ Kxc7 43. Kc5 Kd7 44. f4 h6 45. d5
1/2-1/2

[Event "WPL:Cardiff-The Full Ponty"]
[Site "?"]
[Date "2018.11.04"]
[Round "1.6"]
[White "Sivarajasingam, Shayanna"]
[Black "Harris, Calum"]
[Result "0-1"]
[WhiteElo "1800"]
[BlackElo "1747"]
[PlyCount "78"]
[EventDate "2018.??.??"]

1. e4 c5 2. Nf3 d6 3. Bb5+ Bd7 4. Bxd7+ Qxd7 5. c4 g6 6. Nc3 Bg7 7. d4 cxd4 8.
Nxd4 Nc6 9. Be3 Nf6 10. f3 Ne5 11. b3 O-O 12. O-O Rfc8 13. Rc1 Ne8 14. Qd2 Nc7
15. Rfd1 h5 16. Qf2 Na6 17. Qd2 h4 18. Kh1 h3 19. g3 Nc5 20. Nce2 g5 21. Ng1 g4
22. f4 Nc6 23. Qc2 Nb4 24. Qb1 b6 25. a3 Qb7 26. Nxh3 gxh3 27. axb4 Nxe4 28.
Kg1 Nc3 29. Qc2 Nxd1 30. Rxd1 a5 31. b5 d5 32. Nf5 dxc4 33. bxc4 Rxc4 34. Qf2
Rac8 35. Qf1 Rc2 36. Qxh3 e6 37. Nxg7 Qf3 38. Bd4 Qxd1+ 39. Qf1 Qxd4+ 0-1

[Event "WPL:White Knights-Abergavenny"]
[Site "Llanelli"]
[Date "2018.11.04"]
[Round "1.7"]
[White "Zeidler, Sven"]
[Black "Young, Alan J"]
[Result "1/2-1/2"]
[WhiteElo "2238"]
[BlackElo "2088"]
[PlyCount "134"]
[EventDate "2018.11.04"]
[EventRounds "5"]
[EventCountry "WLS"]
[WhiteTeam "Abergavenny"]
[BlackTeam "White Knights"]

1. e4 e5 2. Nf3 Nc6 3. c3 d5 4. Qa4 f6 5. d3 Be6 6. Be3 Bd6 7. Nbd2 Nge7 8. Nb3
O-O 9. Nc5 Bxc5 10. Bxc5 Qe8 11. Be2 Rd8 12. Qc2 Kh8 13. O-O-O Qf7 14. b3 a5
15. Nh4 b6 16. Bxe7 Nxe7 17. g4 a4 18. Kb2 b5 19. Rhg1 Nc6 20. g5 fxg5 21. Rxg5
Qf4 22. Rg6 Rf6 23. Ng2 Qxh2 24. Rxf6 gxf6 25. Bf3 Qh3 26. Qe2 b4 27. Nf4 bxc3+
28. Kxc3 Nd4 29. Nxh3 Nxe2+ 30. Bxe2 Bxh3 31. bxa4 d4+ 32. Kb4 Rb8+ 33. Ka3 Be6
34. Rc1 Rb7 35. Rc6 Bd7 36. Rxf6 Ra7 37. Bd1 Kg7 38. Rf3 c5 39. Bb3 Bc8 40.
Rg3+ Kf6 41. Rg8 Ba6 42. Rg3 h5 43. Bd1 Rh7 44. Kb3 h4 45. Rh3 Kg5 46. Kc2 Bc8
47. Rh2 h3 48. Kd2 Kf4 49. Be2 Bg4 50. Bf1 Rb7 51. Kc2 Ra7 52. Kb2 Be6 53. a5
Rxa5 54. Bxh3 Rxa2+ 55. Kb1 Ra6 56. Bxe6 Rxe6 57. Kc2 Kf3 58. Kb3 Rg6 59. Kc4
Rg2 60. Rh5 Kxf2 61. Rxe5 Ke3 62. Rxc5 Rc2+ 63. Kd5 Rxc5+ 64. Kxc5 Kxd3 65. e5
Kc3 66. e6 d3 67. e7 d2 1/2-1/2

[Event "WPL:White Knights-Abergavenny"]
[Site "Llanelli"]
[Date "2018.11.04"]
[Round "1.9"]
[White "Powell, J Lloyd"]
[Black "Hewitt, William"]
[Result "0-1"]
[WhiteElo "2060"]
[BlackElo "2009"]
[PlyCount "80"]
[EventDate "2018.11.04"]
[EventRounds "5"]
[EventCountry "WLS"]
[WhiteTeam "Abergavenny"]
[BlackTeam "White Knights"]

1. d4 Nf6 2. c4 g6 3. Nc3 d5 4. cxd5 Nxd5 5. e4 Nxc3 6. bxc3 Bg7 7. Nf3 c5 8.
Rb1 O-O 9. Be2 b6 10. O-O Qc7 11. Be3 Bb7 12. Bd3 e6 13. Qd2 Nd7 14. Rbc1 c4
15. Bb1 Nf6 16. Bf4 Qe7 17. Rfe1 Nd7 18. Bg5 f6 19. Be3 Qd6 20. Rcd1 b5 21. Bf4
Qb6 22. h4 a5 23. a3 Rad8 24. Bh6 Qd6 25. h5 gxh5 26. Bxg7 Kxg7 27. e5 Qe7 28.
exf6+ Qxf6 29. Qg5+ Kh8 30. Qxh5 Rf7 31. Re3 Rg8 32. Kf1 Bd5 33. Be4 Nb6 34.
Rde1 Qf4 35. g3 Qf6 36. Kg2 Rgf8 37. R1e2 Bxe4 38. Rxe4 Qxf3+ 39. Qxf3 Rxf3 40.
Rxe6 Nd5 0-1

[Event "WPL:White Knights-Abergavenny"]
[Site "Llanelli"]
[Date "2018.11.04"]
[Round "1.10"]
[White "May, Adam J"]
[Black "May, Frank"]
[Result "0-1"]
[WhiteElo "1913"]
[BlackElo "2068"]
[PlyCount "78"]
[EventDate "2018.11.04"]
[EventRounds "5"]
[EventCountry "WLS"]
[WhiteTeam "White Knights"]
[BlackTeam "Abergavenny"]

1. c4 e6 2. g3 Nf6 3. Bg2 d5 4. Nf3 Be7 5. O-O O-O 6. b3 Nbd7 7. Bb2 c6 8. d3
a5 9. a3 b5 10. Nbd2 Rb8 11. Qc2 Qb6 12. Rab1 Ba6 13. e4 Rfc8 14. Rfe1 Qd8 15.
e5 Ne8 16. Nf1 a4 17. b4 bxc4 18. dxc4 Bxc4 19. Qxa4 c5 20. N1d2 cxb4 21. Nxc4
Rxc4 22. Nd2 Rcc8 23. axb4 Rxb4 24. Qd1 Rcb8 25. Bc3 Rxb1 26. Nxb1 Bc5 27. Nd2
Qb6 28. Qf3 Rc8 29. Ba1 Bd4 30. Bxd4 Qxd4 31. Qf4 Qxf4 32. gxf4 g6 33. Bf1 Ng7
34. Bb5 Nf8 35. Kg2 Rb8 36. Be2 Nf5 37. Rc1 Rb2 38. Rd1 Rb4 39. Kf3 Nd4+ 0-1

[Event "WPL:White Knights-Abergavenny"]
[Site "Llanelli"]
[Date "2018.11.04"]
[Round "1.11"]
[White "Miles, Richard J"]
[Black "Bevan, Peter M"]
[Result "1/2-1/2"]
[WhiteElo "1958"]
[BlackElo "1884"]
[PlyCount "33"]
[EventDate "2018.11.04"]
[EventRounds "5"]
[EventCountry "WLS"]
[WhiteTeam "Abergavenny"]
[BlackTeam "White Knights"]

1. Nf3 Nf6 2. c4 e6 3. g3 b6 4. Bg2 Bb7 5. O-O Be7 6. d4 O-O 7. Nc3 d5 8. Ne5
h6 9. b3 Nbd7 10. Nxd7 Qxd7 11. Bb2 Rfd8 12. e3 c5 13. cxd5 Nxd5 14. dxc5 Nxc3
15. Bxc3 Bxg2 16. Kxg2 Qc6+ 17. Qf3 1/2-1/2

[Event "WPL:White Knights-Abergavenny"]
[Site "Llanelli"]
[Date "2018.11.04"]
[Round "1.12"]
[White "Buttell, David"]
[Black "Parry, Matthew"]
[Result "0-1"]
[WhiteElo "1788"]
[BlackElo "1894"]
[PlyCount "108"]
[EventDate "2018.11.04"]
[EventRounds "5"]
[EventCountry "WLS"]
[WhiteTeam "White Knights"]
[BlackTeam "Abergavenny"]

1. d4 Nf6 2. c4 Nc6 3. Nf3 e6 4. e3 d5 5. Nc3 Bb4 6. Bd2 O-O 7. Be2 Ne4 8. O-O
Nxd2 9. Qxd2 Na5 10. cxd5 exd5 11. Qc2 Nc6 12. Bd3 g6 13. a3 Be7 14. b4 Bg4 15.
Nd2 Bg5 16. Rae1 a6 17. Na4 Qd6 18. Nc5 Rab8 19. Rc1 Ne7 20. Rce1 Rfe8 21. Ndb3
f5 22. Be2 Bxe2 23. Rxe2 c6 24. Rfe1 Bf6 25. Nd2 b6 26. Nd3 a5 27. bxa5 bxa5
28. Nc5 f4 29. Nf3 Nf5 30. Qd3 fxe3 31. fxe3 h6 32. Kh1 Re7 33. g4 Nh4 34. Nxh4
Bxh4 35. Rb1 Rf8 36. Qc2 Qf6 37. Nd3 Qf3+ 38. Rg2 Qe4 39. Ne5 Re6 40. Qxe4 dxe4
41. Rc2 Bf2 42. Rb3 Kg7 43. Kg2 Bh4 44. Rb6 Bg5 45. Rcxc6 Rxc6 46. Rxc6 Bxe3
47. Rc7+ Kg8 48. Nxg6 Rf2+ 49. Kg3 Rf3+ 50. Kg2 Rf2+ 51. Kg3 Bxd4 52. Rc4 Rd2
53. Ne7+ Kf7 54. Nf5 Be5+ 0-1

[Event "WPL:Nidum-Cardigan"]
[Site "?"]
[Date "2018.11.04"]
[Round "1.13"]
[White "Williams, A. Howard"]
[Black "Musson, Adam J"]
[Result "1-0"]
[WhiteElo "2255"]
[BlackElo "2022"]
[PlyCount "53"]
[EventDate "2018.11.04"]

1. d4 d5 2. c4 e6 3. Nf3 Nf6 4. g3 Be7 5. Bg2 O-O 6. O-O c6 7. Nc3 Nbd7 8. b3
b6 9. Qc2 Bb7 10. Rd1 Rc8 11. e4 c5 12. exd5 exd5 13. Bb2 dxc4 14. d5 cxb3 15.
axb3 Ne8 16. Rxa7 Nd6 17. Ne4 Ra8 18. Rxb7 Nxb7 19. d6 Bf6 20. Nxf6+ gxf6 21.
Nh4 Ra7 22. Nf5 Ne5 23. Ne7+ Kg7 24. Bxe5 fxe5 25. Nc6 Qa8 26. Nxa7 Qxa7 27.
Qe4 1-0

[Event "WPL:Nidum-Cardigan"]
[Site "?"]
[Date "2018.11.04"]
[Round "1.14"]
[White "Morris, Gareth"]
[Black "Jones, Iolo C"]
[Result "0-1"]
[WhiteElo "2018"]
[BlackElo "2198"]
[PlyCount "100"]
[EventDate "2018.11.04"]

1. d4 Nf6 2. Nf3 e6 3. c4 b6 4. a3 Bb7 5. Nc3 d5 6. cxd5 exd5 7. g3 Nbd7 8. Bg2
Be7 9. O-O O-O 10. Bf4 Nh5 11. Bd2 Nhf6 12. Bf4 Nh5 13. Bd2 Nhf6 14. Rc1 c5 15.
Bf4 a6 16. h3 c4 17. Ne5 b5 18. Qc2 Nb6 19. g4 Ne8 20. Qf5 Nd6 21. Qc2 f6 22.
Nf3 Re8 23. Nh4 Bf8 24. f3 Nf7 25. Bg3 Bd6 26. Bxd6 Qxd6 27. Nf5 Qd7 28. Qd2
Rad8 29. Qf4 g6 30. Ng3 Qd6 31. Qxd6 Rxd6 32. e4 Kg7 33. Rcd1 Red8 34. Nge2 Bc6
35. h4 a5 36. Nf4 Kg8 37. Nfxd5 Nxd5 38. exd5 Bxd5 39. Nxb5 Rb6 40. a4 Bc6 41.
Nc3 Rxb2 42. d5 Be8 43. f4 Nd6 44. Rfe1 Rb3 45. Rc1 Bd7 46. g5 fxg5 47. fxg5
Re8 48. Rxe8+ Bxe8 49. Bh3 Kf8 50. Kf2 Rxc3 0-1

[Event "WPL:Nidum-Cardigan"]
[Site "?"]
[Date "2018.11.04"]
[Round "1.15"]
[White "Heap, Gerry"]
[Black "Gibbons, Andrew"]
[Result "1-0"]
[WhiteElo "2099"]
[BlackElo "1951"]
[PlyCount "67"]
[EventDate "2018.11.04"]

1. Nf3 c5 2. c4 g6 3. g3 Bg7 4. Bg2 Nc6 5. Nc3 d6 6. O-O e5 7. d3 Nge7 8. Rb1
O-O 9. a3 a5 10. Bg5 Rb8 11. Bxe7 Nxe7 12. b4 Bd7 13. Qb3 b6 14. Ne1 Bc6 15.
Nc2 Bxg2 16. Kxg2 f5 17. Ne3 Nc6 18. bxa5 Nd4 19. Qa4 bxa5 20. Rxb8 Qxb8 21.
Rb1 Qa8+ 22. Ned5 e4 23. e3 Ne6 24. Qd7 Ng5 25. dxe4 Bxc3 26. Nxc3 fxe4 27.
Qxd6 Qd8 28. Qxd8 Rxd8 29. h4 Rd3 30. Rc1 Ne6 31. Nxe4 Rxa3 32. Rb1 Ra4 33. Rb6
Kf7 34. Rxe6 1-0

[Event "WPL:Nidum-Cardigan"]
[Site "?"]
[Date "2018.11.04"]
[Round "1.16"]
[White "Saunders, Robert"]
[Black "Van Kemenade, Rudy"]
[Result "1-0"]
[WhiteElo "2061"]
[BlackElo "1953"]
[PlyCount "64"]
[EventDate "2018.11.04"]

1. e4 e5 2. Nf3 Nf6 3. Nxe5 d6 4. Nf3 Nxe4 5. d4 d5 6. Bd3 Nc6 7. c3 Bg4 8.
Nbd2 f5 9. O-O Be7 10. Qb3 Rb8 11. Re1 Qd6 12. Ne5 Nxe5 13. dxe5 Qxe5 14. Nxe4
fxe4 15. Be3 O-O 16. Bd4 Qd6 17. Bxe4 c6 18. g3 Kh8 19. Bg2 Bf6 20. Bxa7 Rbd8
21. Qa4 Bd7 22. Rad1 b5 23. Qa5 Ra8 24. Qb6 Bg4 25. Rxd5 Qxd5 26. Bxd5 cxd5 27.
Qe3 h6 28. Bc5 Rf7 29. a3 Bg5 30. f4 Bf6 31. Qd3 Rb8 32. Qg6 Rfb7 1-0

[Event "WPL:Nidum-Cardigan"]
[Site "?"]
[Date "2018.11.04"]
[Round "1.17"]
[White "Watkin-Jones, Adam"]
[Black "Davies, Matthew"]
[Result "1/2-1/2"]
[WhiteElo "1786"]
[BlackElo "1944"]
[PlyCount "180"]
[EventDate "2018.11.04"]

1. c4 c5 2. Nf3 Nc6 3. d4 cxd4 4. Nxd4 Nf6 5. Nc3 g6 6. e4 Bg7 7. Be3 O-O 8.
Be2 d6 9. O-O Bd7 10. f3 Nxd4 11. Bxd4 a5 12. Qd2 Bc6 13. Rfd1 Nd7 14. Bxg7
Kxg7 15. Qd4+ Kg8 16. Kh1 Qb6 17. Nd5 Bxd5 18. exd5 Qxd4 19. Rxd4 Nc5 20. b3
Rfc8 21. h4 Kg7 22. g4 Rc7 23. Re1 Na6 24. Kg2 a4 25. Bd1 axb3 26. axb3 Nb4 27.
Rde4 Kf8 28. h5 b6 29. Kg3 Ra2 30. hxg6 hxg6 31. R4e2 Rca7 32. Rxa2 Rxa2 33.
Re2 Ra1 34. Rd2 g5 35. Kf2 Rb1 36. Ke2 Kg7 37. Rd4 Rb2+ 38. Rd2 Rb1 39. Rd4 Na6
40. Kd2 Nc5 41. Kc3 Nd7 42. Kc2 Ra1 43. Kb2 Ra8 44. Re4 Ne5 45. Kc3 Rh8 46. Kd4
Rh1 47. Be2 Kf6 48. Re3 Rb1 49. Kc3 Rg1 50. Kd4 Rc1 51. Rc3 Re1 52. Re3 Ng6 53.
Bd3 Rd1 54. Kc3 Nf4 55. Be4 e6 56. dxe6 fxe6 57. Kc2 Rf1 58. b4 d5 59. cxd5
exd5 60. Bf5 d4 61. Ra3 Rf2+ 62. Kd1 Rb2 63. Ra4 Nd5 64. Ra8 Rxb4 65. Be4 Nf4
66. Rf8+ Ke7 67. Rf5 Ne6 68. f4 gxf4 69. g5 Rb2 70. g6 Ra2 71. Bd5 Ra1+ 72. Kd2
Rg1 73. Kd3 Rxg6 74. Bxe6 Kxe6 75. Rxf4 Kd5 76. Rxd4+ Kc5 77. Rh4 Rg3+ 78. Kc2
Kb5 79. Kb2 Ka5 80. Ka2 b5 81. Kb2 Rf3 82. Rg4 Rh3 83. Rf4 Rd3 84. Rh4 Kb6 85.
Rg4 Kc5 86. Rh4 Rd4 87. Rxd4 Kxd4 88. Kb3 Kc5 89. Kc3 b4+ 90. Kb3 Kb5 1/2-1/2

[Event "WPL:Nidum-Cardigan"]
[Site "?"]
[Date "2018.11.04"]
[Round "1.18"]
[White "Jones, Ian Robert"]
[Black "Haigh, Tony"]
[Result "1-0"]
[WhiteElo "1952"]
[BlackElo "1798"]
[PlyCount "111"]
[EventDate "2018.11.04"]

1. e4 Nf6 2. e5 Nd5 3. Nc3 Nxc3 4. dxc3 d5 5. f4 e6 6. Nf3 Nd7 7. Be3 b6 8. f5
Nc5 9. fxe6 fxe6 10. c4 Bb7 11. cxd5 Qxd5 12. Bb5+ c6 13. Qxd5 exd5 14. Be2 Ne6
15. c4 c5 16. cxd5 Bxd5 17. Bb5+ Ke7 18. O-O h6 19. Nh4 Be4 20. Bc6 Bxc6 21.
Ng6+ Ke8 22. Nxh8 g5 23. Nf7 Bg7 24. Rad1 Nd8 25. Nd6+ Ke7 26. Nf5+ Kf7 27.
Nxh6+ Kg6 28. Ng4 Nb7 29. Nf6 Rf8 30. Nd5 Rxf1+ 31. Kxf1 Bb5+ 32. Kf2 Bxe5 33.
Nc3 Bc6 34. Nd5 Bb5 35. b3 Nd6 36. Kg1 Ne4 37. a4 Be8 38. Ne7+ Kf6 39. Nc8 Bf7
40. Rd3 Nc3 41. Nxa7 Bxb3 42. Nc8 c4 43. Rd8 Nxa4 44. Nxb6 c3 45. Nd7+ Kf5 46.
Nxe5 Kxe5 47. Bxg5 c2 48. Rb8 Bd5 49. Rc8 Be4 50. Be3 Nb2 51. Re8+ Kf5 52. g4+
Kxg4 53. Rxe4+ Kf3 54. Bc1 Kxe4 55. Bxb2 Kf3 56. Bc1 1-0

[Event "WPL:Cardigan-White Knights"]
[Site "?"]
[Date "2018.12.02"]
[Round "2.1"]
[White "Hewitt, William"]
[Black "Williams, A.Howard"]
[Result "0-1"]
[WhiteElo "2020"]
[BlackElo "2259"]
[PlyCount "54"]
[EventDate "2018.12.02"]

1. d4 Nf6 2. c4 e6 3. Nc3 Bb4 4. e3 O-O 5. Nge2 d5 6. a3 Be7 7. cxd5 exd5 8.
Nf4 c6 9. Bd3 Bd6 10. O-O Re8 11. Bc2 Qc7 12. h3 Nbd7 13. f3 Nf8 14. Qd3 Bxf4
15. exf4 Nh5 16. f5 Ng3 17. Rd1 Bxf5 18. Qd2 Ne6 19. Bxf5 Nxf5 20. Ne2 Re7 21.
Qd3 Ng3 22. Nc3 Rae8 23. b4 Nf4 24. Bxf4 Qxf4 25. Rac1 Nf5 26. b5 Nxd4 27. bxc6
bxc6 0-1

[Event "WPL:Cardigan-White Knights"]
[Site "?"]
[Date "2018.12.02"]
[Round "2.2"]
[White "Jones, Iolo C"]
[Black "Pleasants, Allan J"]
[Result "1/2-1/2"]
[WhiteElo "2203"]
[BlackElo "2077"]
[PlyCount "50"]
[EventDate "2018.12.02"]

1. d4 g6 2. e4 Bg7 3. Nf3 d6 4. Nc3 Nf6 5. h3 O-O 6. Be3 Nc6 7. Be2 a6 8. a4 e5
9. dxe5 dxe5 10. Bc5 Re8 11. O-O b6 12. Be3 Bb7 13. Bg5 Nd4 14. Bd3 Qd6 15. Re1
h6 16. Be3 c5 17. Nd2 Rad8 18. Qc1 Kh7 19. Bc4 Re7 20. f3 Red7 21. Nf1 Nh5 22.
Bd5 Nf6 23. Bxb7 Rxb7 24. Bf2 h5 25. Be3 Qe6 1/2-1/2

[Event "WPL:Cardigan-White Knights"]
[Site "?"]
[Date "2018.12.02"]
[Round "2.3"]
[White "Young, Alan"]
[Black "Heap, Gerry"]
[Result "1/2-1/2"]
[WhiteElo "2046"]
[BlackElo "2105"]
[PlyCount "63"]
[EventDate "2018.12.02"]

1. e4 c5 2. c3 g6 3. Nf3 Bg7 4. Bc4 d6 5. d4 cxd4 6. cxd4 Nf6 7. Nc3 O-O 8. Bb3
Nc6 9. h3 Na5 10. Bc2 b6 11. O-O Bb7 12. Re1 Rc8 13. Qe2 Qd7 14. Bg5 Nc4 15.
Bd3 Na5 16. Rad1 h6 17. Bd2 Nc6 18. Bb5 d5 19. Ne5 Qe6 20. Nxc6 Bxc6 21. Bxc6
Qxc6 22. exd5 Nxd5 23. Nxd5 Qxd5 24. Qxe7 Qxa2 25. Bc3 a5 26. d5 Bxc3 27. bxc3
Qc4 28. d6 Qc6 29. d7 Rcd8 30. Re3 a4 31. c4 Kh7 32. Rd4 1/2-1/2

[Event "WPL:Cardigan-White Knights"]
[Site "?"]
[Date "2018.12.02"]
[Round "2.4"]
[White "Van Kemenade, Rudy"]
[Black "Garcia, Jason"]
[Result "0-1"]
[WhiteElo "1954"]
[BlackElo "2020"]
[PlyCount "118"]
[EventDate "2018.12.02"]

1. f4 d5 2. Nf3 c5 3. g3 Nc6 4. Bg2 Nf6 5. d3 g6 6. O-O Bg7 7. c3 O-O 8. Na3
Rb8 9. Ne5 Qb6 10. Nxc6 bxc6 11. Kh1 Ba6 12. h3 Rbd8 13. Qe1 d4 14. c4 h5 15.
Nc2 Bc8 16. b4 cxb4 17. Qxb4 Qc7 18. Qc5 Bb7 19. Bd2 Nd7 20. Qa5 Qxa5 21. Bxa5
Rc8 22. Rab1 Ba8 23. Nb4 Nc5 24. Nc2 Na6 25. Bd2 e6 26. Bc1 Rfd8 27. Ba3 Bf8
28. Rb3 Nc5 29. Bxc5 Bxc5 30. Rfb1 Kf8 31. Nb4 Bxb4 32. Rxb4 c5 33. Rb5 Bxg2+
34. Kxg2 Rc7 35. Kf3 Ke7 36. Rb7 Rxb7 37. Rxb7+ Rd7 38. Rb5 Rc7 39. g4 hxg4+
40. hxg4 Kd6 41. g5 Re7 42. Ke4 Rc7 43. Ra5 Rb7 44. Ra6+ Rb6 45. Rxb6+ axb6 46.
a3 Kd7 47. e3 dxe3 48. Kxe3 Ke7 49. d4 cxd4+ 50. Kxd4 f6 51. c5 e5+ 52. fxe5
bxc5+ 53. Kd5 fxg5 54. a4 g4 55. Ke4 g3 56. Kf3 c4 57. a5 c3 58. a6 c2 59. a7
c1=Q 0-1

[Event "WPL:Cardigan-White Knights"]
[Site "www.chesscube.com"]
[Date "2018.12.02"]
[Round "2.5"]
[White "May, Adam J"]
[Black "Watkin-Jones, Adam"]
[Result "1/2-1/2"]
[WhiteElo "1897"]
[BlackElo "1794"]
[PlyCount "57"]
[EventDate "2018.??.??"]

1. c4 e5 2. g3 Nc6 3. Nc3 g6 4. Bg2 Bg7 5. e4 d6 6. Nge2 Be6 7. d3 Qd7 8. Nd5
Nd4 9. Nxd4 exd4 10. Bd2 c6 11. Nf4 Ne7 12. O-O O-O 13. b4 h6 14. a4 g5 15.
Nxe6 Qxe6 16. f4 gxf4 17. Rxf4 f5 18. Bh3 Qg6 19. exf5 Nxf5 20. Bxf5 Rxf5 21.
Rg4 Qe6 22. Rf4 Re8 23. Rxf5 Qxf5 24. Qf1 Qxf1+ 25. Kxf1 Kf7 26. Re1 Rxe1+ 27.
Kxe1 h5 28. Ke2 Ke6 29. h3 1/2-1/2

[Event "WPL:Cardigan-White Knights"]
[Site "www.chesscube.com"]
[Date "2018.12.02"]
[Round "2.6"]
[White "Haigh, Tony"]
[Black "Bevan, Peter M"]
[Result "0-1"]
[WhiteElo "1792"]
[BlackElo "1892"]
[PlyCount "68"]
[EventDate "2018.??.??"]

1. d4 Nf6 2. Bg5 c5 3. Bxf6 gxf6 4. d5 Qb6 5. Qc1 f5 6. g3 Bg7 7. c3 d6 8. Bg2
Nd7 9. e3 Ne5 10. Bf1 e6 11. Nh3 exd5 12. Nd2 Be6 13. Nf4 O-O 14. Bg2 d4 15.
cxd4 cxd4 16. exd4 Rac8 17. Qd1 Qxd4 18. O-O b6 19. b3 Nd3 20. Nxd3 Qxd3 21.
Rc1 Rxc1 22. Qxc1 Rc8 23. Qd1 Rc2 24. Nc4 Bxc4 25. bxc4 Qxd1 26. Rxd1 Rxa2 27.
Rxd6 Ra1+ 28. Bf1 Bc3 29. Rd3 Bb4 30. Kg2 a5 31. Rd8+ Kg7 32. Bd3 Bc5 33. Ra8
Ra2 34. Kf3 Rxf2# 0-1

[Event "WPL:Abergavenny-Cardiff"]
[Site "?"]
[Date "2018.12.02"]
[Round "2.7"]
[White "Toczek, Grzegorz"]
[Black "Morris, Charles F"]
[Result "1-0"]
[WhiteElo "2257"]
[BlackElo "2106"]
[PlyCount "93"]

1. e4 e6 2. Qe2 c5 3. g3 Nc6 4. c3 d5 5. d3 Nf6 6. Nf3 Be7 7. e5 Nd7 8. Bg2 g5
9. O-O g4 10. Ne1 Ndxe5 11. Bh6 Rg8 12. Nd2 Rg6 13. Be3 f5 14. Nb3 c4 15. dxc4
Nxc4 16. Bc5 Bxc5 17. Nxc5 b6 18. Ncd3 Qg5 19. Nf4 Ne7 20. Nxg6 hxg6 21. b3 Qd2
22. Qd3 Qxd3 23. Nxd3 Nd6 24. c4 Ba6 25. Nf4 Rc8 26. Rfd1 Ne4 27. cxd5 Nc3 28.
Re1 exd5 29. Nxd5 Ne2+ 30. Rxe2 Bxe2 31. Nxe7 Kxe7 32. Re1 Rc2 33. Bf1 Rxa2 34.
Rxe2+ Rxe2 35. Bxe2 Kd6 36. Bc4 a5 37. f3 gxf3 38. Kf2 Kc5 39. Bf7 g5 40. Kxf3
b5 41. h4 gxh4 42. gxh4 Kd6 43. Kf4 Ke7 44. Bd5 Kf6 45. h5 a4 46. b4 a3 47. Bb3
1-0

[Event "WPL:Abergavenny-Cardiff"]
[Site "chess24.com"]
[Date "2018.12.02"]
[Round "2.8"]
[White "Saunders, Walter N. R."]
[Black "Brown, Thomas"]
[Result "0-1"]
[WhiteElo "2004"]
[BlackElo "2068"]
[PlyCount "46"]
[EventDate "2018.12.02"]
[EventRounds "2"]
[EventCategory "2"]

1. Nf3 g6 2. g3 Bg7 3. Bg2 c5 4. e4 Nc6 5. O-O Rb8 6. Nc3 b5 7. Ne2 e5 8. d3 d6
9. c3 Nf6 10. Qc2 O-O 11. h3 b4 12. d4 bxc3 13. bxc3 cxd4 14. cxd4 Nb4 15. Qd1
Nxe4 16. Be3 Ba6 17. a3 Nd5 18. Re1 Nxe3 19. fxe3 Bxe2 20. Qxe2 Nxg3 21. Qa6
Qb6 22. Qa4 Nf5 23. Re2 exd4 0-1

[Event "WPL:Abergavenny-Cardiff"]
[Site "?"]
[Date "2018.12.02"]
[Round "2.9"]
[White "Hatchett, Paul"]
[Black "Miles, Richard"]
[Result "1/2-1/2"]
[WhiteElo "1982"]
[BlackElo "1956"]
[PlyCount "41"]

1. d4 d5 2. Nc3 Nf6 3. Bg5 e6 4. e4 Bb4 5. e5 h6 6. Bd2 Bxc3 7. bxc3 Ne4 8. Qg4
g6 9. h4 c5 10. Bd3 Nxd2 11. Kxd2 Nc6 12. Rh3 Qa5 13. Bxg6 Nxd4 14. Kd1 Rg8 15.
Bxf7+ Kxf7 16. Qh5+ Ke7 17. cxd4 Bd7 18. Qxh6 Raf8 19. Rf3 Rxf3 20. Nxf3 Rxg2
21. Qf6+ 1/2-1/2

[Event "WPL:Abergavenny-Cardiff"]
[Site "Abergavenny"]
[Date "2018.12.02"]
[Round "2.10"]
[White "Llewellyn, David"]
[Black "Fathallah, Joe"]
[Result "1-0"]
[WhiteElo "1832"]
[BlackElo "1976"]
[PlyCount "69"]
[EventDate "2018.??.??"]

1. d4 f5 2. Bg5 h6 3. Bh4 g5 4. e4 Rh7 5. Qh5+ Rf7 6. Bxg5 hxg5 7. Nf3 Nf6 8.
Qg6 Nxe4 9. Ne5 Nd6 10. h4 gxh4 11. Rxh4 e6 12. Nxf7 Nxf7 13. Rh7 Qe7 14. Be2
Nc6 15. Bh5 Ncd8 16. Nc3 d6 17. O-O-O c6 18. Qg8 Bd7 19. Re1 e5 20. dxe5 d5 21.
e6 Bxe6 22. Ne2 Kd7 23. Nd4 Bh6+ 24. Kd1 Rc8 25. Qg6 Qg5 26. Qxg5 Bxg5 27. Nxe6
Nxe6 28. Rxf7+ Kd6 29. Rxf5 Rg8 30. Bf7 Nd4 31. Rxd5+ cxd5 32. Bxg8 a5 33. c3
Nb5 34. Re6+ Kc5 35. Re5 1-0